| 000 | 00428nam a2200145Ia 4500 | ||
|---|---|---|---|
| 020 | _a(hb) | ||
| 082 |
_a958.104 _bYOU |
||
| 100 |
_aYousaf, Mohammad _950905 |
||
| 245 |
_aThe Bear trap: _bAfghanistan's untold story |
||
| 260 |
_aLahore: _bJang Publishers, _c1992 |
||
| 300 | _a243p. :ill. | ||
| 526 |
_a0 _b0 _c0 _d958_104000000000000_YOU |
||
| 650 |
_aAfghanistan -- History -- Soviet Occupation,1979. _937688 |
||
| 942 |
_2ddc _cBK |
||
| 999 |
_c553651 _d553651 |
||